000
00333 a2200157 4500
001
155612
040
_c
Escola São Tomás de Aquino
100
_a
MOUTINHO, Luiz Damon S.
240
1
0
_a
Satre
_l
por
245
1
0
_a
Satre
300
_a
120
362
0
_a
1995
440
1
_a
Moderna
697
_a
FILOSOFIA E PSICOLOGIA
942
_c
BK
999
_c
155612
_d
155612